[Event "World Rapid Women 2017"]
[Site "Riyadh KSA"]
[Date "2017.12.26"]
[Round "3.46"]
[White "Batchimeg, Tuvshintugs"]
[Black "Albzoor, Anwar"]
[Result "1-0"]
[WhiteTitle "IM"]
[BlackTitle "WFM"]
[WhiteElo "2398"]
[BlackElo "1595"]
[WhiteFideId "4900839"]
[BlackFideId "11500522"]
[EventDate "2017.12.26"]

1. d4 d5 2. Nf3 Nf6 3. c4 e6 4. Nc3 b6 5. cxd5 exd5 6. g3 Be7 7. Bg2 Bb7 8. O-O
O-O 9. Ne5 Nbd7 10. Nxd7 Qxd7 11. Bf4 Rfe8 12. Rc1 Rac8 13. Qb3 a6 14. Rfd1 Ne4
15. Nxe4 dxe4 16. d5 Bc5 17. Rxc5 bxc5 18. Qxb7 Rb8 19. Qxc7 Qxc7 20. Bxc7 Rxb2
21. d6 1-0

[Event "World Rapid Women 2017"]
[Site "Riyadh KSA"]
[Date "2017.12.26"]
[Round "4.1"]
[White "Lei, Tingjie"]
[Black "Ju, Wenjun"]
[Result "0-1"]
[WhiteTitle "GM"]
[BlackTitle "GM"]
[WhiteElo "2528"]
[BlackElo "2567"]
[WhiteFideId "8605114"]
[BlackFideId "8603006"]
[EventDate "2017.12.26"]

1. e4 e5 2. Nf3 Nf6 3. Nc3 Nc6 4. Bb5 Bb4 5. O-O O-O 6. d3 d6 7. Bg5 Ne7 8. Ne2
c6 9. Ba4 Ng6 10. c3 Ba5 11. Ng3 h6 12. Be3 d5 13. exd5 Nxd5 14. Bd2 Bb6 15. d4
Bg4 16. h3 Bxf3 17. Qxf3 exd4 18. c4 Nde7 19. Rfe1 Bc7 20. b4 Ne5 21. Qb3 Rb8
22. f4 b5 23. fxe5 bxa4 24. Qd3 Ng6 25. e6 Qd6 26. Nf1 Ne5 27. exf7+ Rxf7 28.
Qe2 Qg6 29. Kh1 Nd3 30. g4 Nxe1 31. Bxe1 d3 32. Qg2 Qf6 0-1

[Event "World Rapid Women 2017"]
[Site "Riyadh KSA"]
[Date "2017.12.26"]
[Round "4.2"]
[White "Khotenashvili, Bela"]
[Black "Tan, Zhongyi"]
[Result "1-0"]
[WhiteTitle "GM"]
[BlackTitle "GM"]
[WhiteElo "2476"]
[BlackElo "2517"]
[WhiteFideId "13602640"]
[BlackFideId "8603642"]
[EventDate "2017.12.26"]

1. c4 Nf6 2. Nc3 c5 3. Nf3 Nc6 4. d4 cxd4 5. Nxd4 e6 6. g3 Qb6 7. Nb3 Ne5 8. e4
Bb4 9. Qe2 d6 10. Bg2 Qc7 11. Nd2 O-O 12. O-O Bxc3 13. bxc3 Ned7 14. Ba3 e5 15.
Rfd1 b6 16. Nf1 Nc5 17. Ne3 Rd8 18. f3 Be6 19. Bf1 Rac8 20. Rd2 Ne8 21. Rad1 Nb7
22. Bb4 Na5 23. Bxa5 bxa5 24. Rb1 Rb8 25. Rdb2 Rxb2 26. Qxb2 Qc5 27. Kf2 f5 28.
exf5 Bxf5 29. Rd1 Nf6 30. Qb5 Bd7 31. Qxc5 dxc5 32. Nd5 Kf7 33. Nxf6 gxf6 34.
Rd5 Ke7 35. Rxc5 a4 36. Ra5 Rb8 37. Rxa7 Rb2+ 38. Ke3 Rxa2 39. Bh3 Rxh2 40. Bxd7
Kd6 41. Bxa4 h5 42. Ra6+ Ke7 43. c5 f5 44. Ra7+ Kd8 45. c6 h4 46. c7+ Kc8 47.
Bb3 1-0

[Event "World Rapid Women 2017"]
[Site "Riyadh KSA"]
[Date "2017.12.26"]
[Round "4.4"]
[White "Pham, Le Thao Nguyen"]
[Black "Danielian, Elina"]
[Result "1-0"]
[WhiteTitle "IM"]
[BlackTitle "GM"]
[WhiteElo "2354"]
[BlackElo "2413"]
[WhiteFideId "12401226"]
[BlackFideId "13300210"]
[EventDate "2017.12.26"]

1. d4 Nf6 2. Nf3 e6 3. c4 c5 4. e3 b6 5. Be2 Bb7 6. O-O g6 7. Nc3 Bg7 8. b3 O-O
9. Ba3 d6 10. Qc2 a6 11. Rad1 Qc7 12. Rd2 Rd8 13. Bb2 Nbd7 14. Rfd1 Rac8 15.
dxc5 Nxc5 16. Qb1 Nce4 17. Nxe4 Nxe4 18. Rc2 e5 19. Rcc1 Qe7 20. Ne1 h5 21. Bf3
f5 22. Nd3 h4 23. h3 Kh7 24. Nb4 b5 25. Nd5 Bxd5 26. cxd5 Nc5 27. Bc3 e4 28. Be2
Nd3 29. Bxd3 Bxc3 30. Be2 Kh6 31. b4 Rc7 32. Rc2 Rdc8 33. Rdc1 Be5 34. Rc6 Rxc6
35. dxc6 d5 36. a4 Bc7 37. axb5 axb5 38. Qb2 Qd6 39. Kf1 Bb6 40. Bxb5 d4 41.
exd4 Bxd4 42. Qd2+ Kh7 43. Rd1 Rd8 44. Qxd4 Qxd4 45. Rxd4 Rxd4 46. Ba6 Rd1+ 47.
Ke2 Rc1 48. b5 f4 49. Bb7 Rc2+ 50. Kd1 Rxf2 51. c7 f3 52. gxf3 1-0

[Event "World Rapid Women 2017"]
[Site "Riyadh KSA"]
[Date "2017.12.26"]
[Round "4.5"]
[White "Paehtz, Elisabeth"]
[Black "Cornette, Deimante"]
[Result "1/2-1/2"]
[WhiteTitle "IM"]
[BlackTitle "IM"]
[WhiteElo "2464"]
[BlackElo "2439"]
[WhiteFideId "4641833"]
[BlackFideId "12802859"]
[EventDate "2017.12.26"]

1. e4 Nf6 2. Nc3 d5 3. e5 d4 4. exf6 dxc3 5. bxc3 exf6 6. d4 Bd6 7. Bd3 O-O 8.
Qf3 c5 9. Ne2 Nc6 10. O-O Ne7 11. dxc5 Bxc5 12. Bxh7+ Kxh7 13. Qh5+ Kg8 14. Qxc5
b6 15. Qh5 Ba6 16. Ba3 Qd2 17. Rfe1 Rfe8 18. Rad1 Bxe2 19. Qxe2 Qxe2 20. Rxe2
Nc6 21. Rxe8+ Rxe8 22. Kf1 Ne5 23. Bd6 Rc8 24. Bxe5 fxe5 25. Rd7 Rxc3 26. Rxa7
Rxc2 27. Rb7 Rxa2 1/2-1/2

[Event "World Rapid Women 2017"]
[Site "Riyadh KSA"]
[Date "2017.12.26"]
[Round "4.6"]
[White "Zhukova, Natalia"]
[Black "Harika, Dronavalli"]
[Result "0-1"]
[WhiteTitle "GM"]
[BlackTitle "GM"]
[WhiteElo "2444"]
[BlackElo "2504"]
[WhiteFideId "14101513"]
[BlackFideId "5015197"]
[EventDate "2017.12.26"]

1. c4 e6 2. Nc3 d5 3. d4 c6 4. Nf3 Nf6 5. g3 dxc4 6. Bg2 Nbd7 7. O-O Be7 8. a4
O-O 9. a5 Nd5 10. e4 Nb4 11. Qe2 b5 12. axb6 Nxb6 13. Be3 a5 14. Nd2 a4 15. d5
cxd5 16. Bxb6 Qxb6 17. exd5 Ra7 18. Nxc4 Qb8 19. Rxa4 Rxa4 20. Nxa4 Nxd5 21.
Bxd5 exd5 22. Ncb6 Be6 23. Nxd5 Bxd5 24. Qxe7 Bc6 25. Nc3 Qxb2 26. Qc5 Qb7 27.
Nd1 Rc8 28. Qd4 Re8 29. Ne3 Qc8 30. Rc1 Qe6 31. Nf5 Qe1+ 0-1

[Event "World Rapid Women 2017"]
[Site "Riyadh KSA"]
[Date "2017.12.26"]
[Round "4.7"]
[White "Gvetadze, Sofio"]
[Black "Guo, Qi"]
[Result "0-1"]
[WhiteTitle "IM"]
[BlackTitle "IM"]
[WhiteElo "2289"]
[BlackElo "2396"]
[WhiteFideId "13601440"]
[BlackFideId "8604002"]
[EventDate "2017.12.26"]

1. e4 c6 2. d4 d5 3. exd5 cxd5 4. c4 Nf6 5. Nc3 g6 6. cxd5 Nxd5 7. Bc4 Nxc3 8.
bxc3 Bg7 9. Nf3 O-O 10. O-O Qc7 11. Qe2 Bg4 12. Bd5 e6 13. Be4 Nc6 14. h3 Bxf3
15. Qxf3 Rac8 16. Bf4 Qd7 17. Rab1 Na5 18. Bxb7 Nxb7 19. Rxb7 Qc6 20. Qxc6 Rxc6
21. Rc7 Rxc7 22. Bxc7 Rc8 23. Ba5 Rb8 24. Bb4 Bxd4 25. Rd1 Bb6 26. Rd7 Rc8 27.
Rb7 Rc6 28. g4 g5 29. a4 a6 30. Be7 h6 31. Bf6 Bc7 32. h4 gxh4 33. Kg2 Kh7 34.
Ra7 a5 35. Ra8 Kg6 36. Bxh4 Rxc3 37. Rg8+ Kh7 38. Rc8 Be5 39. Ra8 Rc5 40. Bd8
Bc3 41. Ra7 Kg6 42. Kf3 Rd5 43. Bb6 Bb4 44. Ra8 h5 45. gxh5+ Rxh5 46. Ke4 Rd5
47. Rg8+ Kh7 48. Ra8 f5+ 49. Kf4 Bd2+ 50. Kf3 Kg6 51. Rg8+ Kf7 52. Ra8 e5 53.
Ke2 Bb4 54. f3 Ke6 55. Re8+ Kd7 56. Ra8 Kc6 57. Be3 f4 58. Bc1 Kb7 59. Re8 Rc5
60. Kd1 Bc3 61. Ba3 Rc4 62. Bd6 Kc6 63. Bxe5 Kd7 64. Bxc3 Kxe8 65. Bxa5 Rxa4 66.
Bc3 Kd7 67. Ke2 Ke6 68. Kd3 Ra3 69. Kd4 Kf5 70. Kc4 Kg5 71. Kd4 Kh4 72. Be1+ Kh3
73. Bd2 Kg3 74. Ke5 Rxf3 75. Bc1 0-1

[Event "World Rapid Women 2017"]
[Site "Riyadh KSA"]
[Date "2017.12.26"]
[Round "4.9"]
[White "Gunina, Valentina"]
[Black "Saduakassova, Dinara"]
[Result "1-0"]
[WhiteTitle "GM"]
[BlackTitle "IM"]
[WhiteElo "2510"]
[BlackElo "2460"]
[WhiteFideId "4167570"]
[BlackFideId "13700090"]
[EventDate "2017.12.26"]

1. e4 c5 2. Nf3 e6 3. d4 cxd4 4. Nxd4 Nf6 5. Nc3 d6 6. g4 e5 7. Bb5+ Bd7 8.
Bxd7+ Qxd7 9. Nf5 h5 10. Bg5 Nh7 11. Bd2 Nf6 12. gxh5 Rxh5 13. Qf3 Nc6 14. O-O-O
Rc8 15. Kb1 Ne7 16. Ng3 Rh3 17. Bg5 Nh7 18. Bxe7 Bxe7 19. Qg2 g6 20. Nd5 Rh4 21.
Rd3 Ng5 22. f3 Ne6 23. Ne2 Nc5 24. Ra3 b5 25. Rd1 Bd8 26. f4 exf4 27. Nexf4 Qg4
28. Qf1 Rxh2 29. Rxa7 Rf2 30. Qxb5+ Kf8 31. Rh1 Rxf4 32. Nxf4 Qxf4 33. Rf1 Qxe4
34. Rfxf7+ Kg8 35. Rg7+ Kh8 36. Rh7+ Kg8 37. Rag7+ Kf8 38. Qf1+ 1-0

[Event "World Rapid Women 2017"]
[Site "Riyadh KSA"]
[Date "2017.12.26"]
[Round "4.10"]
[White "Stefanova, Antoaneta"]
[Black "Sedina, Elena"]
[Result "1-0"]
[WhiteTitle "GM"]
[BlackTitle "IM"]
[WhiteElo "2500"]
[BlackElo "2312"]
[WhiteFideId "2902257"]
[BlackFideId "812153"]
[EventDate "2017.12.26"]

1. d4 d5 2. Nf3 Nf6 3. e3 Bf5 4. Bd3 Bxd3 5. Qxd3 c6 6. O-O e6 7. Nbd2 Be7 8. e4
O-O 9. e5 Nfd7 10. c4 dxc4 11. Nxc4 Nb6 12. Na5 c5 13. Qe4 cxd4 14. Nxd4 Nd5 15.
Bd2 b6 16. Nc4 Qd7 17. a4 Nc6 18. Nb5 a6 19. Nc3 Ncb4 20. Qg4 Kh8 21. Rfd1 b5
22. Ne3 Nxe3 23. Bxe3 Qb7 24. Bg5 bxa4 25. Bxe7 Qxe7 26. Rxa4 a5 27. Ne4 Rfd8
28. Nd6 Nd5 29. Qh5 Ra7 30. Rh4 h6 31. Rhd4 Rb8 32. Qe2 Kg8 33. h4 Rb4 34. Nc8
Qc5 35. Rxb4 axb4 36. Nxa7 Qxa7 37. Qc4 Qb8 38. Qe4 Qc8 39. Ra1 g6 40. h5 gxh5
41. Qh4 Qc2 42. Qxh5 Qxb2 43. Ra8+ Kg7 44. Qg4+ 1-0

[Event "World Rapid Women 2017"]
[Site "Riyadh KSA"]
[Date "2017.12.26"]
[Round "4.11"]
[White "Mammadova, Gulnar"]
[Black "Ushenina, Anna"]
[Result "1/2-1/2"]
[WhiteTitle "IM"]
[BlackTitle "GM"]
[WhiteElo "2357"]
[BlackElo "2416"]
[WhiteFideId "13403508"]
[BlackFideId "14110911"]
[EventDate "2017.12.26"]

1. e4 c5 2. Nf3 e6 3. b3 b6 4. c4 Bb7 5. Nc3 Nf6 6. d3 d6 7. g3 Be7 8. Bg2 O-O
9. O-O a6 10. Re1 Qc7 11. d4 cxd4 12. Nxd4 b5 13. Ba3 bxc4 14. Rc1 Nbd7 15. Na4
Nb6 16. Nxb6 Qxb6 17. bxc4 Qc7 18. Nb3 Rfd8 19. Qe2 Nd7 20. Red1 1/2-1/2

[Event "World Rapid Women 2017"]
[Site "Riyadh KSA"]
[Date "2017.12.26"]
[Round "4.12"]
[White "Goryachkina, Aleksandra"]
[Black "Nakhbayeva, Guliskhan"]
[Result "1-0"]
[WhiteTitle "WGM"]
[BlackTitle "WGM"]
[WhiteElo "2486"]
[BlackElo "2314"]
[WhiteFideId "4147103"]
[BlackFideId "13704788"]
[EventDate "2017.12.26"]

1. e4 e6 2. d4 d5 3. Bd3 Nf6 4. e5 Nfd7 5. Nd2 c5 6. c3 Nc6 7. Ne2 cxd4 8. cxd4
f6 9. exf6 Qxf6 10. Nf3 h6 11. O-O Bd6 12. Bc2 O-O 13. Ng3 Rf7 14. a3 Nf8 15.
Be3 Bd7 16. Qd2 Be8 17. Nh5 Qd8 18. Bf4 Rc8 19. Rac1 Rfc7 20. Bxd6 Qxd6 21. Nf4
g5 22. Ne2 Bh5 23. Qe3 Na5 24. Bd3 Nc4 25. Bxc4 Rxc4 26. Rxc4 Rxc4 27. Ng3 Bxf3
28. Qxf3 Qf4 29. Qh5 Qf6 30. Ne2 Kg7 31. f4 Qg6 32. Qf3 g4 33. Qb3 b6 34. f5
exf5 35. Nf4 Qc6 36. Qe3 Ng6 37. Nh5+ Kh7 38. Qd3 Rc1 39. Qxf5 Rxf1+ 40. Qxf1
Qc7 41. Nf6+ Kh8 42. Nxg4 Qf4 43. Qxf4 Nxf4 44. Nxh6 Ne2+ 45. Kf2 Nxd4 46. Ke3
Nc6 47. Nf5 Kh7 48. h3 Kg6 49. Nd4 Ne5 50. b3 Kf6 51. Nf3 Nc6 52. h4 Kf5 53.
Nd4+ Nxd4 54. Kxd4 Kg4 55. g3 1-0

[Event "World Rapid Women 2017"]
[Site "Riyadh KSA"]
[Date "2017.12.26"]
[Round "4.13"]
[White "Huang, Qian"]
[Black "Ordaz Valdes, Lisandra Teresa"]
[Result "1-0"]
[WhiteTitle "WGM"]
[BlackTitle "WGM"]
[WhiteElo "2438"]
[BlackElo "2414"]
[WhiteFideId "8602689"]
[BlackFideId "3506940"]
[EventDate "2017.12.26"]

1. Nf3 d5 2. d4 Nf6 3. c4 e6 4. Nc3 Be7 5. Bf4 O-O 6. e3 Ne4 7. Qc2 Nxc3 8. Qxc3
Nc6 9. a3 Bf6 10. cxd5 exd5 11. b4 a6 12. Be2 Bd7 13. O-O Rc8 14. Rac1 Qe8 15.
Rfe1 Ne7 16. Qc5 b6 17. Qc2 Bb5 18. Bxb5 Qxb5 19. h3 c6 20. Bd6 a5 21. Ne5 Rfe8
22. Bxe7 Bxe5 23. a4 Qa6 24. dxe5 Rxe7 25. b5 Qa8 26. bxc6 Rec7 27. Qb3 Rxc6 28.
Rxc6 Qxc6 29. Rd1 Rd8 30. Rd4 g6 31. e4 Qc1+ 32. Kh2 Re8 33. exd5 Rxe5 34. d6
Re1 35. h4 Qc8 36. Qxb6 Qe6 37. Qb8+ Kg7 38. d7 Rb1 39. Qd6 Qe1 40. d8=Q Qg1+
41. Kg3 Rb3+ 42. Rd3 1-0

[Event "World Rapid Women 2017"]
[Site "Riyadh KSA"]
[Date "2017.12.26"]
[Round "4.15"]
[White "Abdumalik, Zhansaya"]
[Black "Mammadzada, Gunay"]
[Result "1/2-1/2"]
[WhiteTitle "IM"]
[BlackTitle "WGM"]
[WhiteElo "2449"]
[BlackElo "2333"]
[WhiteFideId "13703544"]
[BlackFideId "13403729"]
[EventDate "2017.12.26"]

1. e4 c5 2. Nf3 d6 3. d4 cxd4 4. Nxd4 Nf6 5. Nc3 a6 6. h3 Nc6 7. g4 Qb6 8. Nb3
e6 9. Bg2 Be7 10. Be3 Qc7 11. a4 Ne5 12. O-O h6 13. Nd2 Bd7 14. f4 Ng6 15. Qe1
Bc6 16. Qf2 Nd7 17. Nf3 O-O 18. h4 e5 19. f5 Nf4 20. g5 hxg5 21. Nxg5 b5 22.
axb5 axb5 23. Rxa8 Rxa8 24. Bxf4 exf4 25. Qxf4 Ne5 26. Kh1 b4 27. Nd5 Bxd5 28.
exd5 Qxc2 29. Qxb4 Ra4 30. Qe1 Qxb2 31. Ne4 Ra3 32. h5 Ng4 33. Qc1 Rh3+ 34. Kg1
Qd4+ 35. Nf2 Rc3 36. Qd1 Qxd1 37. Rxd1 Nxf2 38. Kxf2 Bh4+ 39. Kf1 Rc4 40. Rd3
Rf4+ 41. Rf3 Rxf3+ 1/2-1/2

[Event "World Rapid Women 2017"]
[Site "Riyadh KSA"]
[Date "2017.12.26"]
[Round "4.16"]
[White "Ding, Yixin"]
[Black "Socko, Monika"]
[Result "1-0"]
[WhiteTitle "WGM"]
[BlackTitle "GM"]
[WhiteElo "2424"]
[BlackElo "2471"]
[WhiteFideId "8602972"]
[BlackFideId "1106619"]
[EventDate "2017.12.26"]

1. d4 Nf6 2. Bf4 g6 3. Nc3 d5 4. e3 Bg7 5. h4 c5 6. Nb5 Na6 7. h5 Nxh5 8. Rxh5
gxh5 9. Qxh5 Qb6 10. Nf3 Bd7 11. Ne5 Bxe5 12. Qxe5 Rg8 13. a4 cxd4 14. Qxd5 dxe3
15. O-O-O Be6 16. Qe4 Rd8 17. Nd4 Rg6 18. Bxe3 Nc5 19. Qe5 f6 20. Qh5 Bg8 21.
Bb5+ Kf7 22. Bc4+ Kg7 23. Nf5+ Kh8 24. Rh1 e6 25. Qxg6 Rd1+ 26. Kxd1 Qd8+ 27.
Kc1 Qf8 28. Bxc5 1-0

[Event "World Rapid Women 2017"]
[Site "Riyadh KSA"]
[Date "2017.12.26"]
[Round "4.17"]
[White "Padmini, Rout"]
[Black "Shuvalova, Polina"]
[Result "1-0"]
[WhiteTitle "IM"]
[BlackTitle "WIM"]
[WhiteElo "2324"]
[BlackElo "2385"]
[WhiteFideId "5029295"]
[BlackFideId "24171760"]
[EventDate "2017.12.26"]

1. Nf3 Nf6 2. g3 d5 3. Bg2 c6 4. O-O Bf5 5. d3 Nbd7 6. Nh4 Bg4 7. h3 Bh5 8. Qe1
e6 9. Nd2 Be7 10. f4 Qb6+ 11. Kh1 O-O-O 12. a4 Qc5 13. c3 h6 14. Ndf3 Bxf3 15.
Nxf3 a6 16. b4 Qb6 17. e4 dxe4 18. dxe4 Rhg8 19. Be3 Qc7 20. Bg1 e5 21. b5 exf4
22. bxa6 b6 23. gxf4 Qxf4 24. Bh2 Qxe4 25. Nd4 Qxe1 26. Raxe1 1-0

[Event "World Rapid Women 2017"]
[Site "Riyadh KSA"]
[Date "2017.12.26"]
[Round "4.18"]
[White "Fierro Baquero, Martha L."]
[Black "Voit, Daria"]
[Result "0-1"]
[WhiteTitle "IM"]
[BlackTitle "FM"]
[WhiteElo "2369"]
[BlackElo "2390"]
[WhiteFideId "3600270"]
[BlackFideId "4182146"]
[EventDate "2017.12.26"]

1. c4 c5 2. g3 g6 3. Bg2 Bg7 4. Nc3 Nc6 5. d3 e5 6. a3 a5 7. Nf3 Nge7 8. O-O d6
9. Bd2 O-O 10. Rb1 h6 11. Ne1 Be6 12. Nc2 d5 13. cxd5 Nxd5 14. Ne3 Nde7 15. Ne4
b6 16. Nc4 f5 17. Ned6 Ra7 18. Qa4 Nd4 19. e3 Ne2+ 20. Kh1 f4 21. exf4 exf4 22.
Rfe1 f3 23. Bf1 Rd7 24. b4 axb4 25. axb4 Rxd6 26. Nxd6 Qxd6 27. bxc5 bxc5 28.
Qa3 Nf5 29. Be3 Nxe3 30. fxe3 Nxg3+ 31. hxg3 Qxg3 32. Qa4 f2 33. Rec1 0-1

[Event "World Rapid Women 2017"]
[Site "Riyadh KSA"]
[Date "2017.12.26"]
[Round "4.19"]
[White "Zimina, Olga"]
[Black "Vo, Thi Kim Phung"]
[Result "1/2-1/2"]
[WhiteTitle "IM"]
[BlackTitle "WGM"]
[WhiteElo "2415"]
[BlackElo "2380"]
[WhiteFideId "4132190"]
[BlackFideId "12401838"]
[EventDate "2017.12.26"]

1. Nf3 Nf6 2. c4 e6 3. g3 b6 4. Bg2 Bb7 5. O-O Be7 6. Nc3 c5 7. d4 cxd4 8. Qxd4
O-O 9. Bg5 h6 10. Bxf6 Bxf6 11. Qf4 Na6 12. Rac1 Qc7 13. Rfd1 Rfd8 14. b3 Bc6
15. Qxc7 Nxc7 16. Nd4 Bxg2 17. Kxg2 a6 18. e4 Ne8 19. f4 d6 20. Kf3 Rdc8 21. a4
Rab8 22. Nce2 Kf8 23. Rc2 Ke7 24. Rcd2 Rc5 25. g4 g6 26. Nc3 Rbc8 27. Nde2 g5
28. f5 Be5 29. h4 Nc7 30. hxg5 hxg5 31. Nd4 Rh8 32. Nce2 Rh3+ 33. Kf2 Rh2+ 34.
Kf3 Rh3+ 35. Kf2 Ne8 36. Nf3 Nf6 37. Nxe5 dxe5 38. Rd8 Nxg4+ 39. Kg2 Rh2+ 40.
Kg3 Rxe2 41. Kxg4 Kf6 42. fxe6 Rxe4+ 43. Kf3 Rf4+ 44. Ke3 fxe6 45. R1d7 b5 46.
axb5 axb5 47. Rf8+ Kg6 48. Rg8+ Kh5 49. Rdg7 Rf5 50. cxb5 Rxb5 51. Rh7+ Kg4 52.
Rh6 Rxb3+ 53. Ke2 Kf4 54. Rxe6 g4 55. Reg6 Rg3 56. Kf2 Rf7 57. Re6 Ra3 58. Reg6
Ra2+ 59. Kg1 Ra1+ 60. Kg2 Ke3 61. Re8 Rf2+ 62. Kg3 Rg1+ 63. Kh4 e4 64. Rxg4
Rxg4+ 65. Kxg4 Kd3 66. Kg3 Rf3+ 67. Kg2 Rf5 68. Ra8 Rf7 69. Ra3+ Kd4 70. Ra4+
Kd3 71. Ra3+ Kd2 72. Ra2+ Kc3 73. Ra3+ Kd4 74. Ra4+ Ke3 75. Ra3+ Kf4 76. Kf2 Rb7
77. Ke2 Rb2+ 78. Ke1 Rh2 79. Rb3 Rh1+ 80. Ke2 Ra1 81. Rc3 Ra2+ 82. Ke1 Ke5 83.
Rb3 Kd4 84. Rh3 Rg2 85. Ra3 Rh2 86. Rb3 Ke5 87. Ra3 Kf4 88. Rb3 Ra2 89. Rc3 Ra1+
90. Ke2 Ra2+ 91. Ke1 Ra4 92. Rb3 Rc4 93. Ke2 Ra4 94. Rc3 e3 95. Rc8 Ra2+ 96. Ke1
Ra1+ 97. Ke2 Ra2+ 98. Ke1 Ra4 99. Ke2 Ra2+ 100. Ke1 1/2-1/2

[Event "World Rapid Women 2017"]
[Site "Riyadh KSA"]
[Date "2017.12.26"]
[Round "4.20"]
[White "Zozulia, Anna"]
[Black "Khukhashvili, Sopiko"]
[Result "1-0"]
[WhiteTitle "IM"]
[BlackTitle "IM"]
[WhiteElo "2316"]
[BlackElo "2312"]
[WhiteFideId "14102110"]
[BlackFideId "13602055"]
[EventDate "2017.12.26"]

1. e4 d6 2. d4 Nf6 3. Nc3 e5 4. Nf3 Nbd7 5. Bc4 Be7 6. O-O O-O 7. a4 a5 8. Re1
c6 9. Ba2 Qc7 10. h3 h6 11. Nh4 Re8 12. Nf5 Bf8 13. Be3 b6 14. Qf3 g6 15. Qg3 d5
16. exd5 Nh5 17. Qf3 Ndf6 18. Nxh6+ Bxh6 19. Bxh6 exd4 20. Rxe8+ Nxe8 21. Ne4
cxd5 22. Bxd5 Ra7 23. Ng5 Nd6 24. g4 Qxc2 25. gxh5 Nf5 26. Re1 Nxh6 27. Qf6 Be6
28. hxg6 Qxg6 29. Qxg6+ fxg6 30. Nxe6 Rd7 31. Bc4 Kh8 32. Rd1 Nf5 33. Rd3 Rd6
34. Kf1 Kh7 35. Ng5+ Kg7 36. Be6 Ne7 37. Bg4 Nc6 38. Nf3 Kf6 39. Bc8 Nb4 40.
Rxd4 Rc6 41. Bg4 Rc1+ 42. Kg2 Rc6 43. Rf4+ Kg7 44. Ne5 Rc5 45. Rf7+ Kh6 46. f4
Rc2+ 47. Kg3 Rxb2 48. Bf3 Ra2 49. Ng4+ 1-0

[Event "World Rapid Women 2017"]
[Site "Riyadh KSA"]
[Date "2017.12.26"]
[Round "4.21"]
[White "Doluhanova, Evgeniya"]
[Black "Hoang, Thanh Trang"]
[Result "1-0"]
[WhiteTitle "WGM"]
[BlackTitle "GM"]
[WhiteElo "2352"]
[BlackElo "2439"]
[WhiteFideId "14112035"]
[BlackFideId "12400149"]
[EventDate "2017.12.26"]

1. e4 e6 2. d4 d5 3. Bd3 dxe4 4. Bxe4 Nf6 5. Bf3 c5 6. Ne2 Nc6 7. Be3 cxd4 8.
Nxd4 Nxd4 9. Qxd4 Qxd4 10. Bxd4 Bd6 11. Nd2 O-O 12. O-O Rd8 13. Nb3 e5 14. Bc3
Bf5 15. Bxb7 Rab8 16. Na5 Rd7 17. Bc6 Re7 18. Ba4 Rc8 19. Rad1 Ne4 20. Be1 Bc5
21. Nb3 Bg4 22. Nxc5 Nxc5 23. f3 Nxa4 24. fxg4 Nxb2 25. Rd5 f6 26. Bb4 Rec7 27.
g5 Rxc2 28. gxf6 gxf6 29. Rxf6 Nc4 30. Rd3 e4 31. Rg3+ Kh8 32. Bc3 Rc1+ 33. Rf1+
Rxc3 34. Rxc3 e3 35. Re1 1-0

[Event "World Rapid Women 2017"]
[Site "Riyadh KSA"]
[Date "2017.12.26"]
[Round "4.22"]
[White "Lagno, Kateryna"]
[Black "Zatonskih, Anna"]
[Result "0-1"]
[WhiteTitle "GM"]
[BlackTitle "IM"]
[WhiteElo "2547"]
[BlackElo "2452"]
[WhiteFideId "14109336"]
[BlackFideId "14101572"]
[EventDate "2017.12.26"]

1. e4 e5 2. Nf3 Nf6 3. Nxe5 d6 4. Nf3 Nxe4 5. d4 d5 6. Bd3 Nc6 7. O-O Bg4 8. c3
Be7 9. Nbd2 Nxd2 10. Bxd2 O-O 11. h3 Bh5 12. g3 Na5 13. b3 b6 14. Kg2 c5 15. Qc2
Bg6 16. Bxg6 hxg6 17. Rae1 Rc8 18. dxc5 bxc5 19. c4 Nc6 20. Qd3 dxc4 21. Qxc4
Nd4 22. Ne5 Qd6 23. Bf4 g5 24. Nxf7 Qc6+ 25. f3 Rxf7 26. Rxe7 Rf8 27. Re4 gxf4
28. Rxd4 fxg3 29. Rg4 Qd6 30. Rxg3 Re8 31. Rf2 Re1 32. Kh2 Qd1 33. Rgg2 Rh1+ 34.
Kg3 Qd6+ 35. f4 Qg6+ 36. Kf3 Rxh3+ 37. Ke2 Qf6 38. Rh2 Rxh2 39. Rxh2 Qb2+ 0-1

[Event "World Rapid Women 2017"]
[Site "Riyadh KSA"]
[Date "2017.12.26"]
[Round "4.23"]
[White "Bodnaruk, Anastasia"]
[Black "Karavade, Eesha"]
[Result "1-0"]
[WhiteTitle "IM"]
[BlackTitle "IM"]
[WhiteElo "2428"]
[BlackElo "2384"]
[WhiteFideId "4181751"]
[BlackFideId "5012600"]
[EventDate "2017.12.26"]

1. e4 c5 2. Nf3 d6 3. d4 cxd4 4. Nxd4 Nf6 5. Nc3 a6 6. g3 e5 7. Nde2 b5 8. Bg2
Be7 9. O-O Nbd7 10. h3 O-O 11. g4 b4 12. Nd5 Nxd5 13. exd5 a5 14. Ng3 Bg5 15.
Bxg5 Qxg5 16. a3 Ba6 17. Re1 Nc5 18. axb4 axb4 19. Ne4 Nxe4 20. Rxe4 f5 21. gxf5
Qxf5 22. Qd2 b3 23. cxb3 Bd3 24. Rxa8 Bxe4 25. Rxf8+ Kxf8 26. Qb4 Bxg2 27. Qxd6+
Kg8 28. Qd8+ Kf7 29. Kxg2 Qe4+ 30. Kh2 Qf4+ 31. Kg1 Qc1+ 32. Kg2 Qxb2 33. Qd7+
Kf6 34. d6 Qxb3 35. Qe7+ Kg6 36. d7 Qd5+ 37. Kh2 Qd2 38. Qe6+ Kg5 39. Qxe5+ Kg6
40. Qe6+ Kg5 41. Kg2 Kh5 42. Qg4+ Kh6 43. Qh4+ Kg6 44. d8=Q 1-0

[Event "World Rapid Women 2017"]
[Site "Riyadh KSA"]
[Date "2017.12.26"]
[Round "4.24"]
[White "Buksa, Nataliya"]
[Black "Munguntuul, Batkhuyag"]
[Result "1/2-1/2"]
[WhiteTitle "WGM"]
[BlackTitle "IM"]
[WhiteElo "2385"]
[BlackElo "2397"]
[WhiteFideId "14123622"]
[BlackFideId "4900758"]
[EventDate "2017.12.26"]

1. e4 c5 2. Nf3 e6 3. d4 cxd4 4. Nxd4 Nc6 5. Nc3 Qc7 6. Qd3 a6 7. Nxc6 bxc6 8.
Qg3 Qxg3 9. hxg3 d5 10. Be3 Nf6 11. exd5 Nxd5 12. Bd2 Bb7 13. f3 c5 14. O-O-O
O-O-O 15. Rh4 Bd6 16. Ra4 Nxc3 17. Bxc3 Bxg3 18. Rg4 Bf2 19. b3 Be3+ 20. Bd2
Rxd2 21. Rxd2 Rd8 22. Bd3 g6 23. Kd1 Bxd2 24. Kxd2 Kc7 25. Ke3 a5 26. Rh4 h5 27.
Rf4 Rd7 28. a3 Bc6 29. c3 f5 30. Rh4 e5 31. b4 cxb4 32. axb4 f4+ 33. Ke2 a4 34.
Rh1 Rd8 35. c4 Be8 36. Ra1 Ra8 37. Ra3 g5 38. Be4 Bc6 39. Bg6 h4 40. Bc2 g4 41.
b5 Bb7 42. c5 Bd5 43. Kf2 gxf3 44. gxf3 h3 45. Rxa4 h2 46. Kg2 Bxf3+ 47. Kxh2
Rh8+ 48. Kg1 Rh1+ 49. Kf2 Rh2+ 50. Kxf3 Rxc2 51. b6+ Kc6 52. Rb4 Kb7 53. Rb5 Rc4
54. c6+ Rxc6 55. Rxe5 Rf6 56. Rb5 Rf7 1/2-1/2